000 00481nam a22001577a 4500
999 _c30742
_d30741
003 OSt
005 20180703043902.0
008 180703b ||||| |||| 00| 0 eng d
040 _aMMU
_beng
_cMMU
_dMMU
050 _aRC 521 .S635 2004
245 _aIn Their Own Voices:
_bA Profile of Dementia Caregivers in Ontario/
_cBryan Smale and Sherry L. Dupuis.
260 _aOntario:
_bUniversity of Waterloo;
_c2004.
300 _aix, 105 p.:
650 _aDementia
942 _2lcc
_cLOAN LOAN